LEADER 00933nam0-2200325---450- 001 990005537460403321 005 20160301102303.0 035 $a000553746 035 $aFED01000553746 035 $a(Aleph)000553746FED01 035 $a000553746 100 $a19990604d1929----km-y0itay50------ba 101 0 $aita 102 $aIT 105 $af-------001yy 200 1 $a<>pittura ellenistico-romana$fG. E. Rizzo 210 $aMilano$cFratelli Treves$d1929 215 $a93 p., [100] c. di tav.$cill.$d29 cm 610 0 $aPittura ellenistica 610 0 $aPittura romana$aPompei 676 $a759.9377$v19$zita 676 $a759.938$v19$zita 700 1$aRizzo,$bGiulio Emanuele$f<1865-1950>$089079 801 0$aIT$bUNINA$gRICA$2UNIMARC 901 $aBK 912 $a990005537460403321 952 $a759.9377 RIZ 1$bARCH. 5851$fFLFBC 959 $aFLFBC 996 $aPittura ellenistico-romana$9282548 997 $aUNINA LEADER 01771nam 2200445 450 001 9910155045003321 005 20160916084040.0 010 $a1-62417-006-4 035 $a(CKB)3710000000972856 035 $a(MiAaPQ)EBC4775333 035 $a(EXLCZ)993710000000972856 100 $a20170118h20132013 uy 0 101 0 $aeng 135 $aurcnu|||||||| 181 $2rdacontent 182 $2rdamedia 183 $2rdacarrier 200 00$aArmenia, Azerbaijan, and Georgia $epolitics, profiles and United States' interests /$fRonald J. Clark and William E. Rivera, editors 210 1$aNew York :$cNova Publishers,$d2013. 210 4$dİ2013 215 $a1 online resource (152 pages) $cillustrations, maps 225 1 $aCaucasus Region Political, Economic, and Security Issues 300 $aIncludes index. 311 $a1-62417-005-6 327 $aArmenia, Azerbaijan, and Georgia : political developments and implications for U.S. interestes / Jim Nichol -- Armenia country profile / United States Department of State -- Azerbaijan country profile / United States Department of State -- Georgia country profile / United States Department of State. 410 0$aCaucasus region political, economic and security issues. 607 $aArmenia (Republic)$xDescription and travel 607 $aAzerbaijan$xDescription and travel 607 $aGeorgia (Republic)$xDescription and travel 607 $aGeorgia (Republic)$xForeign relations$zUnited States 676 $a947.5 702 $aClark$b Ronald James$f1935- 702 $aRivera$b William E. 801 0$bMiAaPQ 801 1$bMiAaPQ 801 2$bMiAaPQ 906 $aBOOK 912 $a9910155045003321 996 $aArmenia, Azerbaijan, and Georgia$92879057 997 $aUNINA